=LDR 00000nam 2200000 4500 =001 NUTBA000000000004439 =005 20140913120534.0 =006 =007 =008 =020 ##$$a 978-602-00-0996-4 =035 ##$$0010-091400000000472 =040 ##$$a Ind =082 ##$$a n813 =090 ##$$a 813$bAya l =100 ##$$a Aya kito =245 ##$$a Last letter$bAya's 58 Letters$cAya kito =260 ##$$a Jakarta$bGramedia$c2011. =300 ##$$a 113 HLm$c20 cm. =850 ##$$a NBPNMAT =990 ##$$a 21104206 =990 ##$$a 0001/BPAP-NTB/20142014 =990 ##$$a 0001/BPAP-NTB/20142014 =990 ##$$a 0001/BPAP-NTB/20142014 =990 ##$$a 0001/BPAP-NTB/20142014 =990 ##$$a 0001/BPAP-NTB/20142014 =990 ##$$a 0001/BPAP-NTB/20142014